000 00536nam a2200193 i 4500
001 90451
003 ES-MaACL
005 20230906180438.0
007 t|
008 050120s1952 sp ||||1| spa d
110 0 0 _aEspaña.
_tLeyes, etc.
_9184149
245 1 0 _aDe la Legislación de Trabajo.
260 _a[S.l. :
_bs.n.],
_c1952.
300 _a128 p. ;
_c22 cm.
490 1 _aBiblioteca técnico-legislativa
830 0 _aBiblioteca técnico-legislativa
_9186644
852 _aES-MaACL
_jD-9136
_bR.32607
999 _c90451
_d90451